00984 a2200193 4500003000500000005001700005010001700022020002800039040000900067082001700076100001700093245007600110260003600186300003300222440003500255505044600290650003500736700001900771Nust20230828095024.0 a 2003041891 c158053502X (alk. paper) cNust00a621.3812,ROG1 aRogers, John10aRadio frequency integrated circuit design /cJohn Rogers, Calvin Plett. aBoston :bArtech House,cc2003. axx, 410 p. :bill. ;c24 cm. 0aArtech House microwave library aIntroduction to Communications Circuits (Page-1), Issues in RFIC Design Noise Linearity and filtering (Page-9), A Brief Review of Technology (Page-43), Impedance Matching (Page-63),The Use and Design of Passive Circuit (Page-95), LNA Design (Page-141), Mixers (Page-197), Match (Page-229),Voltage Controlled Oscillators (Page-245), High Frequency Filter Circuits (Page-319),Power Amplifiers (Page-349), About the Authors (Page-401). 0aTelecommunication Engineering.1 aPlett, Calvin.